Glosario de términos entomológicos /

Guardado en:
Autor Principal: Quintanilla, Raúl H
Otros Autores: Fraga, César Pablo
Formato: Libro
Publicado: Buenos Aires : Eudeba, 1979
Edición:2a. ed.
Materias:
Etiquetas: Agregar Etiqueta
Sin Etiquetas, Sea el primero en etiquetar este registro!
LEADER 00691nam a22002175a 4500
001 CEM.cems016084
008 130507s1979##################000#0#####d
005 20210914183704.0
003 CEMS
245 1 0 |a Glosario de términos entomológicos /  |c Raúl H Quintanilla y César Pablo Fraga 
250 |a 2a. ed. 
260 |a Buenos Aires :  |b Eudeba,  |c 1979 
300 |a 106 p. 
100 1 |a Quintanilla, Raúl H 
700 1 |a Fraga, César Pablo 
082 0 4 |a 595.7 
653 |a Entomología-glosario 
653 |a Insectos-glosario 
653 |a Zoología 
859 |a CEMS  |b BIB. CEMS - Agricultura  |h 595.7  |i Q456a2  |p A13653.85  |t Ej.1 
859 |a CEMS  |b BIB. CEMS - Agricultura  |h 595.7  |i Q456a2  |p A16017.90  |t Ej.2